000 01582nam a2200397Ia 4500
001 vtls003160610
003 MY-SjTCS
005 20200226113128.0
006 m u
007 cr cn|||||||||
008 100712s2004 enk sb 001 0 eng d
010 _z 2003-065449
020 _z0511193718
020 _z0521822416
020 _z0521529611 (pbk.)
035 _a(CaPaEBR)ebr10130398
039 9 _y201007121336
_zVLOAD
040 _aCaPaEBR
_cCaPaEBR
050 1 4 _aBT40
_b.J36 2004eb
100 1 _aJanz, Paul D.
245 1 0 _aGod, the mind's desire
_h[electronic resource] :
_breference, reason and Christian thinking /
_cPaul D. Janz.
260 _aCambridge ;
_aNew York :
_bCambridge University Press,
_c2004.
300 _axi, 232 p.
490 1 _aCambridge studies in Christian doctrine ;
_v11
504 _aIncludes bibliographical references (p. 223-226) and index.
529 _aTSLHHL
533 _aElectronic reproduction.
_bPalo Alto, Calif. :
_cebrary,
_d2009.
_nAvailable via World Wide Web.
_nAccess may be limited to ebrary affiliated libraries.
600 1 0 _aKant, Immanuel,
_d1724-1804.
_918510
650 0 _aPhilosophical theology.
_939548
650 0 _aKnowledge, Theory of.
650 0 _aMetaphysics.
_913808
655 7 _aElectronic books.
_2local
710 2 _aebrary, Inc.
_925628
830 0 _aCambridge studies in Christian doctrine ;
_v11.
856 4 0 _uhttps://ezproxy.taylors.edu.my/login?url=http://site.ebrary.com/lib/taylorscollege/Doc?id=10130398
_zAn electronic book accessible through the World Wide Web; click to view
999 _c104174